LEADER 01971nas 2200577- 450 001 996321948103316 005 20230123213018.0 011 $a2525-3468 035 $a(DE-599)ZDB2863183-3 035 $a(OCoLC)1014210782 035 $a(CKB)4100000000718828 035 $a(CONSER)--2018240240 035 $a(EXLCZ)994100000000718828 100 $a20171108a20169999 --- - 101 0 $apor 135 $aur|n||||||||| 181 $ctxt$2rdacontent 182 $cc$2rdamedia 183 $acr$2rdacarrier 200 00$aInformação em pauta 210 1$aFortaleza, CE :$cUniversidade Federal do Ceará, Departamento de Ciência da Informação :$cPrograma de Pós-Graduacão em Ciência da Informação,$d2016- 215 $a1 online resource 300 $aRefereed/Peer-reviewed 300 $aIssues have also thematic titles. 517 1 $aIP 606 $aInformation science$vPeriodicals 606 $aInformation science$zBrazil$vPeriodicals 606 $aLibrary science$vPeriodicals 606 $aLibrary science$zBrazil$vPeriodicals 606 $aArchives$vPeriodicals 606 $aArchives$zBrazil$vPeriodicals 606 $aArchives$2fast$3(OCoLC)fst00814030 606 $aInformation science$2fast$3(OCoLC)fst00972640 606 $aLibrary science$2fast$3(OCoLC)fst00997916 607 $aBrazil$2fast 608 $aPeriodicals.$2fast 615 0$aInformation science 615 0$aInformation science 615 0$aLibrary science 615 0$aLibrary science 615 0$aArchives 615 0$aArchives 615 7$aArchives. 615 7$aInformation science. 615 7$aLibrary science. 712 02$aUniversidade Federal do Ceará.$bDepartamento de Ciência da Informação, 712 02$aUniversidade Federal do Ceará.$bPrograma de Pós-Graduação em Ciência da Informação, 906 $aJOURNAL 912 $a996321948103316 996 $aInformação em pauta$91984502 997 $aUNISA LEADER 02130oam 2200493Ia 450 001 9910699503103321 005 20230902161636.0 035 $a(CKB)5470000002403900 035 $a(OCoLC)74267130 035 $a(EXLCZ)995470000002403900 100 $a20080513d2003 ua 0 101 0 $aeng 135 $aurbn||||||||| 181 $ctxt$2rdacontent 182 $cc$2rdamedia 183 $acr$2rdacarrier 200 00$aAnalysis of cocaine, its metabolites, pyrolysis products, and ethanol adducts in postmortem fluids and tissues using Zymark automated solid-phase extraction and gas chromatography-mass spectrometry$b[electronic resource] 210 1$aWashington, DC :$cU.S. Dept. of Transportation, Federal Aviation Administration, Office of Aerospace Medicine,$d[2003] 215 $a1 online resource (i, 14 pages) $cdigital, PDF file 300 $aTitle from title screen (viewed Oct. 20, 2010.) 300 $a"December 2003." 300 $aThis work was accomplished by FAA Civil Aerospace Medical Institute and University of Central Oklahoma under the approved task AM-B-03-TOX-204. 320 $aIncludes bibliographical references (pages 11-13). 606 $aCocaine 606 $aCrack (Drug) 606 $aForensic toxicology 606 $aMass spectrometry$xForensic applications 606 $aAircraft accidents$xInvestigation$zUnited States 615 0$aCocaine. 615 0$aCrack (Drug) 615 0$aForensic toxicology. 615 0$aMass spectrometry$xForensic applications. 615 0$aAircraft accidents$xInvestigation 701 $aLewis$b Russell J$01382528 712 02$aUniversity of Central Oklahoma. 712 02$aCivil Aerospace Medical Institute. 712 02$aUnited States.$bOffice of Aerospace Medicine. 801 0$bDTICE 801 1$bDTICE 801 2$bGPO 906 $aBOOK 912 $a9910699503103321 996 $aAnalysis of cocaine, its metabolites, pyrolysis products, and ethanol adducts in postmortem fluids and tissues using Zymark automated solid-phase extraction and gas chromatography-mass spectrometry$93455183 997 $aUNINA